000
00330 a2200169 4500
001
168756
020
_a
978-85-02-09367-6
040
_c
Magnum
100
_a
Lembo, Antonio
240
1
0
_a
Química 2
_l
por
245
1
0
_a
Química 2
300
_a
320
362
0
_a
2010
440
1
_a
Atual
697
_a
QUÍMICA
942
_c
BK
999
_c
168756
_d
168756